000 00624nam a2200229 i 4500
001 C2-0111917
003 PPAK
005 20180727103646.0
008 970630s1975 my a|||| ||||| | may d
040 _aPPAK
_beng
_cPPAK
_erda
082 0 4 _a499.2386
_223
090 0 0 _a499.2386
_bMAA
_dKIH
100 0 _aMaaruf Mahmud,
_eauthor
245 1 0 _aBudak cerdik
264 1 _aKuala Lumpur :
_bDewan Bahasa dan Pustaka ,
_c1975
300 _a8 pages :
_billustrations ;
_c21 cm
336 _2rdacontent
_atext
337 _2rdamedia
_aunmediated
338 _2rdacarrier
_avolume
650 1 0 _aMalay language
942 _ddc
_cB
999 _c28031
_d28031